000 00706nam a2200229Ia 4500
005 20260429111954.0
008 260429s9999||||xx |||||||||||||| ||und||
020 _a9783161640520
041 _aEnglish
082 _a346.066
_bLAN
100 _aLangenhagen, Svenja Kristin
245 0 _aCorporate social responsibility in international sales law /
_cSvenja Kristin Langenhagen
260 _aGermany :
_bMohr Siebeck,
_c2025.
300 _axx, 419 p.; pbk
440 _aStudies on Foreign and International Private Law (StudIPR); 533
650 _a Corporate law
650 _a Corporate social responsibility
650 _a Private law
650 _a Sales law
650 _aLaw
942 _cTB
999 _c51687
_d51687